000 00648nam a2200205 a 4500
003 BD-DhJNU
005 20241211033729.0
008 170427s2017 ilu bf 001 0 eng c
020 _a9780226287058
040 _aBD-DhJNU
_bENG
_cBD-DhJNU
_dBD-DhJNU
082 0 0 _a808.027 CHI
_223
245 0 4 _aThe Chicago manual of style /
250 _a17th ed.
264 1 _aChicago :
_bThe University of Chicago Press,
_c[2017]
300 _axvi, 1144 pages ;
_c24 cm
504 _aIncludes bibliographical references (pages [991]-1013) and index..
650 0 _aAuthorship
_vStyle manuals.
650 0 _aPublishers and publishing
_zUnited States
942 _cBK
999 _c992
_d992